000 02598cam a22005174i 4500
003 PE-LiUPU
005 20250731173416.0
008 150706s r 000 0 d
020 _a9780829758788
035 _a(Sirsi) i9780829758788
040 _aPE-LiUPU
_bspa
_cPE-LiUPU
_erda
049 _aPRUA
082 0 4 _a248.244
_bC29
_221
100 1 _aCastaldo, Chris,
_d1971,
_eautor.
245 1 4 _aUna fe renovada :
_bhistoria, doctrina, experiencia y el peregrinar del católico y el evangelio /
_cChris Castaldo.
264 1 _aFlorida :
_bEditorial Vida,
_c2011.
300 _a255 páginas :
_bilustraciones ;
_c21 cm.
336 _atext
_2rdacontent
337 _aunmediated
_2rdamedia
338 _avolume
_2rdacarrier
504 _aIncluye notas bibliográficas al pie de páginas.
505 0 _aPerspectivas sobre el catolicismo romano -- Por qué los católicos se convierten en evangélicos -- Primera razón: fe a tiempo completo -- Un retrato de la fe evangélica: Martín Lutero -- Segunda razón: la relación personal con Jesús -- Tercera razón: acceso directo a Dios -- Un retrato de la fe católica: Loyola y Contarini -- Cuarta razón: devoción cristocéntrica -- Quinta razón: motivado por la gracia en lugar de por la culpa -- Cómo relacionarse con los católicos romanos -- Cómo los católicos ven a los evangélicos -- Católicos tradicionales, evangélicos y culturales -- Cómo relacionarse con los católicos con gracia y verdad -- Glorifica a Dios y disfrútalo para siempre -- Cómo la Iglesia Católica llegó a ser lo que es: de Trento al Vaticano II.
526 _aSEG42
526 _aSEG41
526 _aSEG40
526 _aSEG39
526 _aP94
526 _aP87
526 _aP86
526 _aP85
526 _aP77
526 _aP76
526 _aP35
541 _g001-0000567;
600 1 4 _aCastaldo, Chris.
_d1971-.
650 1 4 _aCatólicos
_xRelaciones
_xProtestantes.
650 1 4 _aProtestantes
_xRelaciones
_xCatólicos.
700 1 _aMartín, María J.,
_etr.
700 1 _aFraguela M., Elizabeth,
_eed.
910 _agl20120521
942 _2ddc
_cBOOK
949 _a248.244 C29
_wDEWEY
_c1
_i64689
_lCCODEBUL1
_mBUL
_p12.00
_r0
_sY
_tBOOK
_u2015-7-6
_xTEOLOGIA
_PP35
_o.STAFF. Colección General
994 _aC0
_bPEPRU
596 _a1
999 _a248.244 C29
_wDEWEY
_c53394
_i64689
_f2021-11-11
_g5
_lCCODEBUL1
_mBUL
_p12.00
_r0
_sY
_tBOOK
_u2015-7-6
_xTEOLOGIA
_PP35
_0COMPRA
_o.STAFF. Colección General
_d53394
980 _81
_gALBERTO SANCHEZ Responsable de Automatización